The pattern of English building /

Bibliographic Details
Main Author: Clifton-Taylor, Alec
Format: Book
Language:English
Published: London : Faber and Faber, 1972.
Edition:New ed.
Subjects:

MARC

Tag First Indicator Second Indicator Subfields
LEADER 00000cam a2200000 a 4500
001 in00000075949
005 20151008054922.0
008 720322s1972 enkab b 00110 engm
010 |a  72176144  
015 |a B72-01557 
020 |a 0571095259 
020 |a 0571095267 (pbk.) 
035 |a (OCoLC)00292711 
035 |9 AAJ2054AM 
040 |a DLC  |c DLC  |d m.c.  |d TXA  |d UtOrBLW 
043 |a e-uk-en 
049 |a TXAM  |c [1442388] 
050 0 0 |a NA961  |b .C55 1972 
082 0 |a 691/.0942 
100 1 |a Clifton-Taylor, Alec. 
245 1 4 |a The pattern of English building /  |c Alec Clifton-Taylor. 
250 |a New ed. 
264 1 |a London :  |b Faber and Faber,  |c 1972. 
300 |a 466 pages :  |b illustrations, maps. ;  |c 26 cm. 
336 |a text  |b txt  |2 rdacontent 
337 |a unmediated  |b n  |2 rdamedia 
338 |a volume  |b nc  |2 rdacarrier 
504 |a Includes bibliographical references and indexes. 
650 0 |a Architecture  |z England. 
650 0 |a Building materials  |z England. 
999 |a MARS 
999 f f |s 0e607c0e-3574-3333-bda9-6ca317ea9536  |i cddfc008-d045-3123-9779-56c1d67199e3  |t 0 
952 f f |p ric  |a Texas A&M University  |b Rellis Campus  |c Joint Library Facility  |d Remote Storage  |t 0  |e NA961 .C55 1972  |h Library of Congress classification  |i unmediated -- volume  |m A14806167679 
998 f f |a NA961 .C55 1972  |t 0  |l Remote Storage